[Event "41st Olympiad Women 2014"]
[Site "Tromso NOR"]
[Date "2014.08.14"]
[Round "11.36"]
[Board "3"]
[White "Tuzi, Bruna"]
[Black "Montilla, Jorcerys"]
[Result "0-1"]
[WhiteTitle "WCM"]
[BlackTitle "WIM"]
[WhiteElo "1759"]
[BlackElo "2118"]
[WhiteTeam "Albania"]
[BlackTeam "Venezuela"]
[WhiteFideId "4701100"]
[BlackFideId "3900517"]
[EventDate "2014.08.02"]

1. e4 c5 2. Nf3 Nc6 3. d4 cxd4 4. Nxd4 Qb6 5. Nb3 Nf6 6. Nc3 e6 7. Bd3 a6 8. a4
Qc7 9. a5 Bb4 10. Bd2 Nxa5 11. Nb5 Bxd2+ 12. Qxd2 axb5 13. Rxa5 Rxa5 14. Qxa5
Qxa5+ 15. Nxa5 b6 16. Nb3 Bb7 17. f3 Bc6 18. Nd4 b4 19. Kd2 O-O 20. Ra1 Ra8 21.
Rxa8+ Bxa8 22. e5 Nd5 23. Bb5 Nf4 24. Bxd7 Nxg2 25. Bc6 Bxc6 26. Nxc6 Nh4 27.
Ke3 f6 28. Nxb4 Kf7 29. Nd3 Ke7 30. f4 Kd7 31. c4 f5 32. b4 h6 33. b5 g5 34. c5
Kc7 35. c6 g4 36. Ne1 h5 37. Kf2 Ng6 38. Ng2 h4 39. Ke3 h3 40. Ne1 Ne7 41. Kd4
Nd5 42. Nd3 Nb4 43. Nf2 Nc2+ 44. Kc3 Ne3 45. Kd4 Nf1 46. Nh1 Nxh2 47. Ng3 Nf3+
48. Ke3 Nh4 49. Kf2 h2 50. Nh1 Nf3 51. Kg2 Nd4 52. Kxh2 Nxb5 53. Nf2 Kxc6 54.
Kg3 Nd4 55. Nd3 Kd5 0-1

[Event "41st Olympiad Women 2014"]
[Site "Tromso NOR"]
[Date "2014.08.14"]
[Round "11.36"]
[Board "4"]
[White "Varela La Madrid, Tilsia Carolin"]
[Black "Shabanaj, Alda"]
[Result "1-0"]
[WhiteTitle "WIM"]
[WhiteElo "2008"]
[BlackElo "1881"]
[WhiteTeam "Venezuela"]
[BlackTeam "Albania"]
[WhiteFideId "3903001"]
[BlackFideId "4700597"]
[EventDate "2014.08.02"]

1. e4 c6 2. d4 d5 3. Nc3 dxe4 4. Nxe4 Bf5 5. Ng3 Bg6 6. h4 h6 7. Nf3 e6 8. h5
Bh7 9. Bd3 Bxd3 10. Qxd3 Nf6 11. Bd2 Qc7 12. O-O-O Nbd7 13. Ne4 Nxe4 14. Qxe4
Bd6 15. g3 Nf6 16. Qe2 O-O-O 17. c4 c5 18. Kb1 Kb8 19. dxc5 Qxc5 20. Be3 Qf5+
21. Ka1 Qa5 22. Nd4 a6 23. Nb3 Qa4 24. Rxd6 Rxd6 25. Bf4 Rd8 26. c5 Nd5 27.
Bxd6+ Ka8 28. Rh4 Nb4 29. a3 a5 30. Nxa5 Nc2+ 31. Kb1 Nxa3+ 32. bxa3 Qxa5 33.
Qc2 1-0

[Event "41st Olympiad Women 2014"]
[Site "Tromso NOR"]
[Date "2014.08.14"]
[Round "11.37"]
[Board "1"]
[White "Chandrasiri, S A K"]
[Black "Arakhamia-Grant, Ketevan"]
[Result "1-0"]
[WhiteTitle "WFM"]
[BlackTitle "GM"]
[WhiteElo "1777"]
[BlackElo "2394"]
[WhiteTeam "Sri Lanka"]
[BlackTeam "Scotland"]
[WhiteFideId "9905049"]
[BlackFideId "13600168"]
[EventDate "2014.08.02"]

1. d4 Nf6 2. c4 c5 3. d5 e5 4. Nc3 d6 5. e4 Nbd7 6. Nf3 Be7 7. Be2 Nf8 8. O-O
Ng6 9. Ne1 h5 10. Nd3 h4 11. f4 exf4 12. Nxf4 Ne5 13. Nd3 Nfd7 14. Qa4 O-O 15.
Qb3 Nxd3 16. Bxd3 Ne5 17. Nd1 Bg5 18. Ne3 g6 19. Be2 Qe7 20. Bd2 Bd7 21. Qc2
Rae8 22. Rae1 f6 23. Qc1 a6 24. a3 b5 25. Qc2 Kg7 26. Kh1 Rb8 27. b3 Rb7 28. b4
cxb4 29. axb4 Bxe3 30. Bxe3 bxc4 31. Qa2 Rfb8 32. Qxa6 Rxb4 33. Qa7 R4b7 34. Qd4
Rc7 35. Rc1 Rbc8 36. Qb6 h3 37. Bd4 hxg2+ 38. Kxg2 Be8 39. Qa6 c3 40. Bb6 Rb7
41. Bd4 Rcb8 42. Rxc3 Rb4 43. Bxe5 Qxe5 44. Rc7+ Kf8 45. Qd3 Rxe4 46. Rxf6+ Qxf6
47. Qxe4 Bf7 48. Qf3 Kg7 49. Rd7 Rb6 50. Qe3 Rb2 51. Kg3 Rc2 52. Bd3 Rc3 53. Kg2
Ra3 54. Qg3 Qb2+ 55. Kh3 Qd4 56. Qxg6+ 1-0

[Event "41st Olympiad Women 2014"]
[Site "Tromso NOR"]
[Date "2014.08.14"]
[Round "11.37"]
[Board "2"]
[White "Bamber, Elaine"]
[Black "Yashora, Tiumi"]
[Result "1-0"]
[WhiteTitle "WFM"]
[WhiteElo "2077"]
[BlackElo "1715"]
[WhiteTeam "Scotland"]
[BlackTeam "Sri Lanka"]
[WhiteFideId "2401428"]
[BlackFideId "9903534"]
[EventDate "2014.08.02"]

1. e4 e5 2. Bc4 Nf6 3. d3 Nc6 4. Nf3 Bc5 5. O-O d6 6. c3 Bb6 7. h3 h6 8. b4 O-O
9. Qb3 a5 10. a4 axb4 11. cxb4 Nd4 12. Nxd4 Bxd4 13. Bb2 Ba7 14. Qd1 Qe7 15. Nc3
c6 16. Re1 Bd4 17. a5 Be6 18. Bxe6 fxe6 19. Na4 Nd7 20. Bxd4 exd4 21. Qd2 e5 22.
Reb1 Rfb8 23. Qc2 Qe6 24. b5 cxb5 25. Rxb5 b6 26. axb6 Nxb6 27. Qc6 Nc8 28. Rxb8
Rxb8 29. Nc5 Ne7 30. Qc7 Qc8 31. Qxd6 Nc6 32. Nd7 Rb5 33. Rc1 Qa8 34. Qe6+ Kh8
35. Rxc6 Qa1+ 36. Kh2 Qe1 37. Rc8+ 1-0

[Event "41st Olympiad Women 2014"]
[Site "Tromso NOR"]
[Date "2014.08.14"]
[Round "11.37"]
[Board "3"]
[White "Methmali, Y."]
[Black "Groves, Carey"]
[Result "0-1"]
[WhiteTitle "WCM"]
[BlackTitle "WFM"]
[WhiteElo "1727"]
[BlackElo "2027"]
[WhiteTeam "Sri Lanka"]
[BlackTeam "Scotland"]
[WhiteFideId "9900888"]
[BlackFideId "2401207"]
[EventDate "2014.08.02"]

1. e4 d6 2. d4 Nf6 3. Nc3 g6 4. f4 Bg7 5. Nf3 O-O 6. Be2 Na6 7. Be3 b6 8. Qd2
Bb7 9. h3 c5 10. d5 Nc7 11. g4 b5 12. g5 b4 13. gxf6 bxc3 14. bxc3 Bxf6 15. f5
Ne8 16. Kf2 Qa5 17. Rab1 Ba6 18. Bxa6 Qxa6 19. Bh6 Ng7 20. Bg5 Qxa2 21. Bxf6
exf6 22. Qe2 Qa5 23. fxg6 fxg6 24. Qd2 Rab8 25. Ra1 Qc7 26. Ra2 Qe7 27. Qe3 Rb7
28. Rha1 Re8 29. Ra4 Qd7 30. Qh6 Nh5 31. Kg2 Re7 32. Qe3 Qe8 33. Kh2 f5 34. Ng5
Ng7 35. Qg3 h6 36. Ne6 Nxe6 37. dxe6 fxe4 38. Qxd6 Rxe6 39. Qxc5 Qb8+ 40. Kg2
Re5 41. Qc4+ Kh7 42. Rf1 Rg5+ 43. Kh1 Rf5 44. Rxf5 gxf5 45. Qe6 Qf4 46. Ra1 Rg7
47. Rg1 Qf3+ 48. Kh2 Qf2+ 0-1

[Event "41st Olympiad Women 2014"]
[Site "Tromso NOR"]
[Date "2014.08.14"]
[Round "11.37"]
[Board "4"]
[White "Durno, Joy"]
[Black "Thilakawardana, Supeshala"]
[Result "1-0"]
[WhiteTitle "WFM"]
[BlackTitle "WFM"]
[WhiteElo "1862"]
[BlackElo "1729"]
[WhiteTeam "Scotland"]
[BlackTeam "Sri Lanka"]
[WhiteFideId "2403501"]
[BlackFideId "9902759"]
[EventDate "2014.08.02"]

1. d4 f5 2. Nf3 Nf6 3. g3 g6 4. Bg2 Bg7 5. O-O O-O 6. b3 d6 7. Bb2 c6 8. c4 Qe8
9. Qc2 Nbd7 10. Nc3 e5 11. dxe5 dxe5 12. e4 f4 13. Ba3 c5 14. Nb5 Qe7 15. Rad1
Ne8 16. Qd3 a6 17. Nd6 Nxd6 18. Qxd6 Re8 19. Bh3 Qxd6 20. Rxd6 Nf6 21. Bxc8
Raxc8 22. Re1 fxg3 23. hxg3 h6 24. Bb2 Rcd8 25. Rxd8 Rxd8 26. Bxe5 Ng4 27. Bxg7
Kxg7 28. Kg2 Kf6 29. Re2 g5 30. Ne1 Ne5 31. f4 Nc6 32. Nf3 gxf4 33. gxf4 Nb4 34.
Ne5 Ke6 35. Kf3 h5 36. Rh2 Rh8 37. Ng6 Rh6 38. f5+ Kf6 39. Nf4 h4 40. Ng6 Nc6
41. Kg4 b5 42. cxb5 axb5 43. Nxh4 Rh8 44. Rc2 Re8 45. Kf4 Nb4 46. Rd2 c4 47.
bxc4 bxc4 48. e5+ Kf7 49. Rd7+ Kg8 50. Ng6 c3 51. Ke3 Nxa2 52. f6 Rf8 53. Rg7# 1-0

[Event "41st Olympiad Women 2014"]
[Site "Tromso NOR"]
[Date "2014.08.14"]
[Round "11.38"]
[Board "1"]
[White "Meghara, Lylia"]
[Black "Hazim Gonzalez, Elizabeth"]
[Result "1/2-1/2"]
[WhiteTitle "WFM"]
[BlackTitle "WCM"]
[WhiteElo "1811"]
[BlackElo "1833"]
[WhiteTeam "Algeria"]
[BlackTeam "Dominican Republic"]
[WhiteFideId "7902867"]
[BlackFideId "6400183"]
[EventDate "2014.08.02"]

1. e4 c5 2. Nf3 Nc6 3. d4 cxd4 4. Nxd4 Nf6 5. Nc3 e5 6. Nf5 d5 7. exd5 Bxf5 8.
dxc6 bxc6 9. Be2 Bb4 10. Bd2 O-O 11. O-O h6 12. Ne4 Bxd2 13. Nxd2 Qd4 14. Nc4
Qc5 15. c3 Rad8 16. Qe1 Rfe8 17. Rd1 Nd5 18. b4 Qe7 19. Bd3 e4 20. Bb1 Qg5 21.
Kh1 Bg4 22. Rd4 f5 23. Ne3 Bh5 24. Nxd5 cxd5 25. Bc2 Bf7 26. Qd2 Qf6 27. Re1 g5
28. f3 Bg6 29. Bd1 f4 30. Rxd5 e3 31. Qd4 Qe7 32. Bb3 Bf7 33. Rxd8 Rxd8 34.
Bxf7+ Kxf7 35. Qc4+ Qe6 36. Qxe6+ Kxe6 37. Kg1 Rd2 38. g3 Kd5 39. a4 Kc4 40. b5
Kxc3 41. Rb1 e2 42. Re1 Kb4 43. Kf2 Kxa4 44. Ra1+ Kxb5 45. Rxa7 Kc4 46. Re7 Kd3
47. Rd7+ Kc2 48. Ra7 1/2-1/2

[Event "41st Olympiad Women 2014"]
[Site "Tromso NOR"]
[Date "2014.08.14"]
[Round "11.38"]
[Board "2"]
[White "Villar Acevedo, Darlin Rocio"]
[Black "Mezioud, Amina"]
[Result "0-1"]
[BlackTitle "WIM"]
[WhiteElo "1713"]
[BlackElo "2052"]
[WhiteTeam "Dominican Republic"]
[BlackTeam "Algeria"]
[WhiteFideId "6405053"]
[BlackFideId "7900970"]
[EventDate "2014.08.02"]

1. d4 d6 2. Nf3 Nf6 3. Bf4 g6 4. e3 Bg7 5. Be2 Nh5 6. Bg5 h6 7. Bh4 g5 8. Nfd2
Nf6 9. Bg3 Nbd7 10. c4 c5 11. Nc3 cxd4 12. exd4 Qb6 13. Nb3 O-O 14. O-O Qd8 15.
Rb1 Re8 16. h3 a6 17. c5 dxc5 18. dxc5 e5 19. Re1 Qc7 20. Qd6 Qxd6 21. cxd6 Bf8
22. Rbd1 Re6 23. Bc4 Rxd6 24. Bxe5 Rxd1 25. Nxd1 Nxe5 26. Rxe5 Bd6 27. Re1 b5
28. Bd3 Be6 29. Nc3 Bb4 30. Rc1 Rd8 31. Bc2 Kg7 32. Rd1 Rc8 33. Nd4 Bxc3 34.
Nxe6+ fxe6 35. bxc3 Rxc3 36. Bb3 Rc6 37. f3 a5 38. Rb1 a4 39. Bd1 Nd5 40. Kh2
Nc3 41. Rc1 Rc4 42. a3 Nxd1 43. Rxd1 Rc3 44. Rb1 Rb3 45. Ra1 Kf6 46. Kg3 h5 47.
Ra2 Ke5 48. Kf2 Kd4 49. g4 hxg4 50. hxg4 Kc3 51. f4 gxf4 52. g5 Kd4 53. Rd2+ Ke5
54. Rc2 Kf5 55. Rc5+ Kg6 56. Re5 Re3 57. Rxb5 e5 58. Ra5 Re4 59. Kf3 Kf5 60. g6
Re3+ 61. Kf2 Rxa3 62. g7 Rg3 63. Rxa4 Rxg7 64. Ra8 e4 65. Rf8+ Kg4 66. Rf6 e3+
67. Ke2 Kg3 68. Rf8 Rg4 69. Rh8 Kg2 70. Rf8 Kg1 71. Ke1 Kh2 72. Rh8+ Kg3 73. Ke2
Kg2 74. Rf8 Kg1 75. Ke1 Kh2 76. Rh8+ Kg2 77. Ke2 f3+ 78. Kxe3 f2 79. Rf8 f1=Q 0-1

[Event "41st Olympiad Women 2014"]
[Site "Tromso NOR"]
[Date "2014.08.14"]
[Round "11.38"]
[Board "3"]
[White "Latreche, Sabrina"]
[Black "Diaz Cesar, Wilsaida Pieranlly"]
[Result "1-0"]
[WhiteTitle "WIM"]
[WhiteElo "1972"]
[BlackElo "1769"]
[WhiteTeam "Algeria"]
[BlackTeam "Dominican Republic"]
[WhiteFideId "7901798"]
[BlackFideId "6403557"]
[EventDate "2014.08.02"]

1. e4 c5 2. Nf3 Nc6 3. d4 cxd4 4. Nxd4 Nf6 5. Nc3 d6 6. Bg5 e6 7. Qd2 h6 8. Bxf6
Qxf6 9. Ndb5 Qd8 10. O-O-O a6 11. Nxd6+ Qxd6 12. Qxd6 Bxd6 13. Rxd6 Ke7 14. Rd2
Bd7 15. Na4 Rad8 16. Nb6 Be8 17. Rxd8 Kxd8 18. Nc4 Kc7 19. c3 Bd7 20. Be2 Rd8
21. Rd1 Be8 22. Rxd8 Nxd8 23. Ne3 Nc6 24. f4 Ne7 25. Bd3 Ng6 26. g3 Ne7 27. Kd2
Bd7 28. Nc4 f6 29. Ne3 Ng6 30. Bc2 Ne7 31. Ke2 Nc8 32. f5 Ne7 33. fxe6 Bxe6 34.
Bb3 Bxb3 35. axb3 Kd6 36. Kd3 h5 37. Nc4+ Kc7 38. Kd4 Kc6 39. Ne3 Kd6 40. Nf5+
Nxf5+ 41. exf5 Kc6 42. b4 Kd6 43. c4 Kc6 44. b3 Kd6 45. b5 axb5 46. cxb5 Kd7 47.
Kd5 h4 48. gxh4 Ke7 49. Kc5 Kd7 50. Kb6 Kc8 51. Ka7 Kc7 52. b6+ 1-0

[Event "41st Olympiad Women 2014"]
[Site "Tromso NOR"]
[Date "2014.08.14"]
[Round "11.38"]
[Board "4"]
[White "Santos Almonte, Carol"]
[Black "Toubal, Hayat"]
[Result "1/2-1/2"]
[BlackTitle "WIM"]
[WhiteElo "1774"]
[BlackElo "1938"]
[WhiteTeam "Dominican Republic"]
[BlackTeam "Algeria"]
[WhiteFideId "6402348"]
[BlackFideId "7901631"]
[EventDate "2014.08.02"]

1. d4 d5 2. Nf3 e6 3. Bf4 f5 4. g3 Nf6 5. Bg2 Bd6 6. Nbd2 Bxf4 7. gxf4 Nbd7 8.
c3 c6 9. Qc2 Ne4 10. Nxe4 dxe4 11. Ne5 Nf6 12. O-O-O Bd7 13. e3 Qa5 14. Qb3 Qa6
15. Bf1 b5 16. Rg1 g6 17. c4 Rb8 18. c5 Ke7 19. Be2 Qb7 20. h4 Rhg8 21. Rg5 Be8
22. Rdg1 Bf7 23. Qd1 Ng4 24. R5xg4 fxg4 25. Bxg4 h5 26. Bh3 b4 27. Bg2 Be8 28.
Bxe4 Qa6 29. Kb1 Qb5 30. Qf3 a5 31. Bxc6 Qa6 32. Be4 a4 33. Bd3 Bb5 34. Bxb5
Rxb5 35. Rxg6 Rxg6 36. Nxg6+ Kf6 37. Qxh5 Rb7 38. Qg5+ Kf7 39. Ne5+ Kf8 40. Qg1
Qe2 41. Ng6+ Ke8 42. Ne5 Kf8 43. Ng6+ Ke8 44. Ne5 Kf8 1/2-1/2

[Event "41st Olympiad Women 2014"]
[Site "Tromso NOR"]
[Date "2014.08.14"]
[Round "11.39"]
[Board "1"]
[White "Colombo, Camila"]
[Black "Lebel-Arias, Julia"]
[Result "1-0"]
[WhiteTitle "WIM"]
[BlackTitle "WIM"]
[WhiteElo "2107"]
[BlackElo "1859"]
[WhiteTeam "Uruguay"]
[BlackTeam "Monaco"]
[WhiteFideId "3001822"]
[BlackFideId "602019"]
[EventDate "2014.08.02"]

1. d4 g6 2. c4 Bg7 3. Nc3 c5 4. d5 Bxc3+ 5. bxc3 f5 6. h4 Nf6 7. h5 Rg8 8. hxg6
hxg6 9. Qa4 Ne4 10. f3 Ng3 11. Rh7 Nh5 12. Bg5 Qc7 13. Rxe7+ Kf8 14. O-O-O Qg3
15. Nh3 b6 16. Qc2 d6 17. Qa4 Qxg5+ 18. Nxg5 Kxe7 19. e4 Kf6 20. Nh3 f4 21. Nf2
Bd7 22. Qc2 Re8 23. Bd3 Re5 24. Qd2 g5 25. Rh1 Kg6 26. Bc2 Ng3 27. Rh8 Kg7 28.
Rd8 Re7 29. Qd1 a6 30. Nh1 Nh5 31. Qg1 Kf6 32. Qh2 Re8 33. Qxh5 Rxd8 34. e5+
dxe5 35. Qg6+ 1-0

[Event "41st Olympiad Women 2014"]
[Site "Tromso NOR"]
[Date "2014.08.14"]
[Round "11.39"]
[Board "2"]
[White "Levacic, Melissa"]
[Black "de Leon, Patricia"]
[Result "1-0"]
[BlackTitle "WFM"]
[WhiteElo "1994"]
[BlackElo "1921"]
[WhiteTeam "Monaco"]
[BlackTeam "Uruguay"]
[WhiteFideId "633747"]
[BlackFideId "3000273"]
[EventDate "2014.08.02"]

1. e4 e6 2. Nc3 d5 3. Nf3 dxe4 4. Nxe4 Nd7 5. d4 Ngf6 6. Nxf6+ Nxf6 7. Bg5 Be7
8. Bd3 c5 9. Bb5+ Bd7 10. Bxd7+ Qxd7 11. Qe2 cxd4 12. O-O-O O-O 13. Rxd4 Qc7 14.
Kb1 Rfd8 15. Rhd1 Rxd4 16. Rxd4 Rd8 17. Bf4 Qb6 18. Be5 Rd5 19. Rxd5 Nxd5 20.
Bd4 Qc7 21. Qb5 Kf8 22. Ne5 f6 23. Nd7+ Kf7 24. Bxa7 Qxh2 25. a3 Qxg2 26. c4
Qf1+ 27. Ka2 h5 28. Qb3 Nf4 29. Qxb7 Qxc4+ 30. Ka1 Qc1+ 31. Ka2 Qc4+ 32. Ka1
Qc1+ 33. Ka2 Nd3 34. Qb5 g5 35. Qxd3 Qc7 36. Qh7+ 1-0

[Event "41st Olympiad Women 2014"]
[Site "Tromso NOR"]
[Date "2014.08.14"]
[Round "11.39"]
[Board "3"]
[White "Larrea, Daniela"]
[Black "Grillon, Charline"]
[Result "1/2-1/2"]
[WhiteElo "1709"]
[BlackElo "1734"]
[WhiteTeam "Uruguay"]
[BlackTeam "Monaco"]
[WhiteFideId "3003000"]
[BlackFideId "1301047"]
[EventDate "2014.08.02"]

1. d4 d5 2. c4 e6 3. Nf3 Nf6 4. g3 Be7 5. Bg2 O-O 6. O-O Nbd7 7. Nc3 dxc4 8. Qc2
c5 9. dxc5 Nxc5 10. Ne5 Rb8 11. Nxc4 Bd7 12. Rd1 b5 13. Ne5 Qb6 14. Be3 Qc7 15.
Nxd7 Ncxd7 16. Rac1 Rbc8 17. Rd2 a6 18. Ne4 Qb8 19. Qd1 Rxc1 20. Qxc1 Rc8 21.
Rc2 Rxc2 22. Qxc2 h6 23. a3 b4 24. axb4 Bxb4 25. Nxf6+ Nxf6 26. Bd4 e5 27. Bc3
Bc5 28. h3 Qb6 29. e3 Qd6 30. Qd2 Qb8 31. Qe2 Qd6 32. Qd2 Qxd2 33. Bxd2 Bb6 34.
b4 Ne8 35. Bf1 Nc7 36. Bc4 Kf8 37. Kg2 f5 38. g4 fxg4 39. hxg4 Ke7 40. Kf3 Kd6
41. Ke4 Ne6 42. Bxa6 g6 43. Bc4 Ng5+ 44. Kd3 h5 45. gxh5 e4+ 46. Ke2 gxh5 47.
Kf1 h4 48. Bc3 h3 49. Be2 Bc7 50. Bf6 Nf3 51. Bxf3 exf3 52. Kg1 Kd5 53. Bh4 Ke4
54. b5 Kd3 55. b6 Bxb6 56. Kh2 Bxe3 57. fxe3 1/2-1/2

[Event "41st Olympiad Women 2014"]
[Site "Tromso NOR"]
[Date "2014.08.14"]
[Round "11.39"]
[Board "4"]
[White "Lomandong, Noela-Joyce"]
[Black "Costa, Anaclara"]
[Result "1-0"]
[WhiteElo "1616"]
[BlackElo "1658"]
[WhiteTeam "Monaco"]
[BlackTeam "Uruguay"]
[WhiteFideId "5400384"]
[BlackFideId "3005666"]
[EventDate "2014.08.02"]

1. e4 e6 2. d4 d5 3. Nd2 dxe4 4. Nxe4 Nd7 5. Nf3 Ngf6 6. Ng3 c5 7. Bc4 Nb6 8.
Bb5+ Bd7 9. Bxd7+ Qxd7 10. O-O cxd4 11. Nxd4 Rd8 12. Be3 Nc4 13. b3 Nxe3 14.
fxe3 Bc5 15. c3 O-O 16. Rxf6 gxf6 17. Nh5 Kh8 18. Nxf6 Qe7 19. Qf3 Bxd4 20. exd4
Rd6 21. Re1 e5 22. dxe5 Rxf6 23. Qxf6+ Qxf6 24. exf6 h6 25. Re7 Kh7 26. Rxb7 Kg6
27. Rxa7 Kxf6 28. Ra6+ Kg7 29. c4 1-0

[Event "41st Olympiad Women 2014"]
[Site "Tromso NOR"]
[Date "2014.08.14"]
[Round "11.40"]
[Board "1"]
[White "Milligan, Helen"]
[Black "Madrigal, Ana Daniela"]
[Result "1/2-1/2"]
[WhiteTitle "CM"]
[BlackTitle "WFM"]
[WhiteElo "1938"]
[BlackElo "1986"]
[WhiteTeam "New Zealand"]
[BlackTeam "Nicaragua"]
[WhiteFideId "2401312"]
[BlackFideId "6101097"]
[EventDate "2014.08.02"]

1. e4 e5 2. Nf3 Nc6 3. Bb5 a6 4. Ba4 Nf6 5. O-O Be7 6. Re1 b5 7. Bb3 d6 8. c3
O-O 9. d4 h6 10. a4 Bb7 11. Nbd2 Re8 12. d5 Na7 13. Nf1 Bf8 14. Ng3 Nc8 15. axb5
axb5 16. Rxa8 Bxa8 17. Nf5 Kh7 18. c4 g6 19. Ng3 bxc4 20. Bxc4 Bb7 21. Qb3 Nb6
22. Bb5 Nfd7 23. Be3 Re7 24. Ra1 Bg7 25. h4 Nf6 26. h5 Ng4 27. Nh4 Nxe3 28. Qxe3
Bc8 29. Be2 Re8 30. Nf3 g5 31. Bb5 Rf8 32. Ra7 f5 33. exf5 Nxd5 34. Qe4 Nf6 35.
Qc2 c5 36. Bd3 Kh8 37. Nd2 Qb6 38. Ra8 Bb7 39. Rxf8+ Bxf8 40. Nc4 Qc6 41. f3 Qe8
42. Qb3 Bd5 43. Qb6 Qe7 44. Qb8 Bxc4 45. Bxc4 d5 46. Bb5 Kg7 47. b3 e4 48. fxe4
dxe4 49. Bc4 e3 50. Qc8 Qd6 51. Qe6 Qxe6 52. fxe6 Ng4 1/2-1/2

[Event "41st Olympiad Women 2014"]
[Site "Tromso NOR"]
[Date "2014.08.14"]
[Round "11.40"]
[Board "2"]
[White "Mendieta, Kathya"]
[Black "Meyer, Marany"]
[Result "1/2-1/2"]
[WhiteTitle "WFM"]
[BlackTitle "WIM"]
[WhiteElo "1877"]
[BlackElo "2064"]
[WhiteTeam "Nicaragua"]
[BlackTeam "New Zealand"]
[WhiteFideId "6101496"]
[BlackFideId "14300435"]
[EventDate "2014.08.02"]

1. e4 d5 2. exd5 Qxd5 3. Nc3 Qd6 4. d4 Nf6 5. Bc4 c6 6. Nf3 Bg4 7. Be3 e6 8. h3
Bxf3 9. Qxf3 Nbd7 10. Bb3 Qc7 11. O-O Bd6 12. Rad1 O-O 13. Ne4 Nxe4 14. Qxe4 Nf6
15. Qf3 b5 16. c4 a5 17. cxb5 cxb5 18. Rc1 Qd7 19. Bg5 Be7 20. Rfd1 a4 21. Bc2
Nd5 22. Bxe7 Nxe7 23. Be4 Rac8 24. Rc5 g6 25. Qe2 b4 26. Bf3 Rb8 27. Qc4 Rb6 28.
Rc7 Qd6 29. Qc5 Nd5 30. Bxd5 exd5 31. Qxd6 Rxd6 32. Rb7 Rc8 33. Rxb4 Rc2 34.
Rxa4 Rxb2 35. Ra5 Rc6 36. Rxd5 Rcc2 37. Rf1 Rxa2 38. g3 Rd2 39. Rd8+ Kg7 40. Rd7
Ra4 41. d5 Rad4 42. Re1 Rxd5 1/2-1/2

[Event "41st Olympiad Women 2014"]
[Site "Tromso NOR"]
[Date "2014.08.14"]
[Round "11.40"]
[Board "3"]
[White "Tsoi, Nicole"]
[Black "Granados, Maria"]
[Result "1-0"]
[WhiteTitle "WFM"]
[BlackTitle "WIM"]
[WhiteElo "1787"]
[BlackElo "1899"]
[WhiteTeam "New Zealand"]
[BlackTeam "Nicaragua"]
[WhiteFideId "4302605"]
[BlackFideId "6101488"]
[EventDate "2014.08.02"]

1. d4 Nf6 2. Bf4 c5 3. e3 cxd4 4. exd4 g6 5. c3 Bg7 6. Nf3 O-O 7. Bc4 a6 8. a4
d6 9. O-O Nbd7 10. Re1 b6 11. Qe2 Re8 12. Bxf7+ Kxf7 13. Ng5+ 1-0

[Event "41st Olympiad Women 2014"]
[Site "Tromso NOR"]
[Date "2014.08.14"]
[Round "11.40"]
[Board "4"]
[White "Alarcon, Pamela"]
[Black "Timergazi, Layla"]
[Result "0-1"]
[WhiteElo "1906"]
[BlackElo "1874"]
[WhiteTeam "Nicaragua"]
[BlackTeam "New Zealand"]
[WhiteFideId "6100694"]
[BlackFideId "4303733"]
[EventDate "2014.08.02"]

1. d4 d5 2. c4 c6 3. Nf3 Nf6 4. Nc3 e6 5. e3 Nbd7 6. a3 Bd6 7. Be2 dxc4 8. Bxc4
b5 9. Bd3 a6 10. O-O c5 11. e4 cxd4 12. Nxd4 Nc5 13. Bc2 Bb7 14. Re1 Be5 15. Be3
Ncxe4 16. Nxe4 Nxe4 17. Qe2 O-O 18. Rad1 Qh4 19. f4 Bxd4 20. Bxd4 Nf6 21. g3 Qg4
22. Qxg4 Nxg4 23. Bc5 Rfc8 24. b4 Bd5 25. f5 Nf6 26. Rd2 Nd7 27. Bd4 Rc7 28.
fxe6 Bxe6 29. Bb2 Rac8 30. Be4 Nb6 31. Red1 Re8 32. Be5 Rd7 33. Bc6 Rxd2 34.
Rxd2 Nc4 35. Bxe8 Nxd2 36. Bf4 Nc4 37. Bc1 Kf8 38. Bc6 Bc8 39. a4 bxa4 40. Bxa4
Ke7 41. Kf2 Bd7 42. Bb3 Ne5 43. Bd2 f6 44. Bd5 Kd6 45. Be4 h6 46. h4 Ng4+ 47.
Ke2 Ne5 48. Kf2 Bc6 49. Bc2 Kd5 50. Bb3+ Kd4 51. Bd1 Nc4 52. Be1 Nb2 53. Be2 Bb5
54. Bxb5 axb5 55. Kf3 Nd3 56. Bd2 h5 57. Be3+ Kc4 58. Ke4 g6 59. Bd4 f5+ 60. Ke3
Nxb4 61. Bg7 Nd5+ 62. Kd2 b4 63. Be5 b3 64. Bb2 f4 65. gxf4 Nxf4 66. Bf6 Nd5 67.
Be5 Ne7 68. Bb2 Nf5 69. Bf6 Nd4 70. Kc1 Nf3 71. Be7 Kc3 72. Bf6+ Kd3 73. Kb2 Nd4
74. Bg5 Kc4 75. Bf6 Nf5 76. Bg5 Nd4 77. Bf6 Kd3 78. Bg5 Ke4 79. Bf6 Ke3 80. Kc3
Nf5 81. Kxb3 Kf4 82. Kc3 Kg4 83. Kd3 Nxh4 84. Ke4 Nf5 85. Kd3 Kf3 86. Kd2 h4 87.
Ke1 h3 88. Be5 Ng3 0-1

[Event "41st Olympiad Women 2014"]
[Site "Tromso NOR"]
[Date "2014.08.14"]
[Round "11.41"]
[Board "1"]
[White "Steil-Antoni, Fiona"]
[Black "Dahdal, Lougain"]
[Result "1/2-1/2"]
[WhiteTitle "WIM"]
[BlackTitle "WIM"]
[WhiteElo "2112"]
[BlackElo "1973"]
[WhiteTeam "Luxembourg"]
[BlackTeam "Jordan"]
[WhiteFideId "4001249"]
[BlackFideId "8102880"]
[EventDate "2014.08.02"]

1. e4 d6 2. d4 g6 3. Nc3 c6 4. f4 d5 5. e5 h5 6. Nf3 Bg4 7. h3 Bxf3 8. Qxf3 Nh6
9. Be3 h4 10. Bd3 e6 11. O-O-O Nd7 12. g4 hxg3 13. Rdg1 Nb6 14. Rxg3 Nf5 15.
Bxf5 gxf5 16. Qg2 Nc4 17. Bf2 Qe7 18. a3 O-O-O 19. Ne2 Qc7 20. h4 Qb6 21. Rb3
Qa6 22. Be1 b5 23. h5 Qb6 24. Bh4 Rd7 25. Bf6 Rh6 26. Bg7 Rd8 27. Bxh6 Bxh6 28.
Rg3 Qa5 29. Rd1 b4 30. a4 Qxa4 31. Kb1 Qa5 32. Rdd3 b3 33. cxb3 Nd2+ 34. Kc2 Ne4
35. Rg8 c5 36. Rxd8+ Kxd8 37. Nc3 Bxf4 38. Qf1 Bh6 39. Nxe4 dxe4 40. Rd1 cxd4
41. Rxd4+ Ke7 42. Qc4 Qxe5 43. Qb4+ Kf6 44. Rd7 1/2-1/2

[Event "41st Olympiad Women 2014"]
[Site "Tromso NOR"]
[Date "2014.08.14"]
[Round "11.41"]
[Board "2"]
[White "Fuad Kamel Jamaliah, Natalie"]
[Black "Biryukov, Alice"]
[Result "1-0"]
[WhiteTitle "WIM"]
[WhiteElo "2003"]
[BlackElo "1941"]
[WhiteTeam "Jordan"]
[BlackTeam "Luxembourg"]
[WhiteFideId "724190"]
[BlackFideId "4002440"]
[EventDate "2014.08.02"]

1. d4 Nf6 2. Bf4 g6 3. Nf3 Bg7 4. e3 d6 5. Bc4 O-O 6. h3 b6 7. O-O Bb7 8. Nbd2
c5 9. c3 Nc6 10. Bh2 a6 11. Qe2 b5 12. Bd3 Qb6 13. Rad1 Rfd8 14. Bb1 Rac8 15.
Ng5 a5 16. Nge4 Nxe4 17. Nxe4 Ba6 18. Bd3 c4 19. Bb1 b4 20. f4 d5 21. Ng5 e6 22.
Qg4 Ne7 23. Nxh7 Kxh7 24. Qh4+ Kg8 25. Qxe7 bxc3 26. bxc3 Qb2 27. Rc1 Qd2 28.
Rfe1 Rb8 29. Qg5 Re8 30. f5 Rb2 31. fxg6 f5 32. Qg3 Bh6 33. Qf3 Bxe3+ 34. Kh1
Bh6 35. Bxf5 Qf2 36. Rxe6 Rf8 37. Qxd5 Rb5 38. Qxc4 Rbxf5 39. Rxa6+ Kg7 40. Be5+
Rxe5 41. Qc7+ Rf7 42. Qxe5+ Rf6 43. Qxf6+ Qxf6 44. Rxf6 Kxf6 45. Rb1 1-0